উদ্ভিদবিজ্ঞান দ্বিতীয় খন্ড / (Record no. 4404)

MARC details
000 -LEADER
fixed length control field 00967nam a22002297a 4500
001 - CONTROL NUMBER
control field BD-DhSAU 4404
003 - CONTROL NUMBER IDENTIFIER
control field BD-DhSAU
005 - DATE AND TIME OF LATEST TRANSACTION
control field 20150217142208.0
008 - FIXED-LENGTH DATA ELEMENTS--GENERAL INFORMATION
fixed length control field 150203b1990 a||||r|||| 000 0 ben d
040 ## - CATALOGING SOURCE
Original cataloging agency BD-DhSAU
082 ## - DEWEY DECIMAL CLASSIFICATION NUMBER
Edition number 22
Classification number ৫৮১
Item number দেবউ
100 ## - MAIN ENTRY--PERSONAL NAME
Personal name মিত্র, দেবব্রত
245 ## - TITLE STATEMENT
Title উদ্ভিদবিজ্ঞান দ্বিতীয় খন্ড /
Statement of responsibility, etc. দেবব্রত মিত্র, সলিল কুমার চৌধুরী এবং নরেন দত্ত
250 ## - EDITION STATEMENT
Edition statement ২য় সংসকরণ
260 ## - PUBLICATION, DISTRIBUTION, ETC. (IMPRINT)
Place of publication, distribution, etc. কলিকাতা :
Name of publisher, distributor, etc. মৌলিক লাইব্রেরী,
Date of publication, distribution, etc. ১৯90.
300 ## - PHYSICAL DESCRIPTION
Extent xxviii, ৯৩২ পৃ. :
Other physical details চিত্র ;
Dimensions ২১ সেমি।
590 ## - Name of Cataloguer
Name of Cataloger joy
650 ## - SUBJECT ADDED ENTRY--TOPICAL TERM
Topical term or geographic name as entry element উদ্ভিদবিজ্ঞান।
650 ## - SUBJECT ADDED ENTRY--TOPICAL TERM
Topical term or geographic name as entry element Botany.
700 ## - ADDED ENTRY--PERSONAL NAME
Personal name চৌধুরী, সলিল কুমার
700 ## - ADDED ENTRY--PERSONAL NAME
Personal name দত্ত, নরেন
942 ## - ADDED ENTRY ELEMENTS (KOHA)
Source of classification or shelving scheme Dewey Decimal Classification
Koha item type Book
Holdings
Withdrawn status Lost status Source of classification or shelving scheme Damaged status Not for loan Home library Branch Name Shelving location Date acquired Total Checkouts Full call number Barcode Date last seen Price effective from Koha item type
    Dewey Decimal Classification     SAU Library SAU Library General Stacks 20/06/1990   ৫৮১ দেবউ 15191 17/02/2015 17/02/2015 Book
    Dewey Decimal Classification     SAU Library SAU Library General Stacks 20/06/1990   ৫৮১ দেবউ 15031 17/02/2015 17/02/2015 Book
    Dewey Decimal Classification     SAU Library SAU Library General Stacks 20/06/1990   ৫৮১ দেবউ 16629 17/02/2015 17/02/2015 Book
    Dewey Decimal Classification     SAU Library SAU Library General Stacks 30/06/1991   ৫৮১ দেবউ 16641 17/02/2015 17/02/2015 Book
    Dewey Decimal Classification     SAU Library SAU Library General Stacks 30/06/1991   ৫৮১ দেবউ 16637 17/02/2015 17/02/2015 Book
    Dewey Decimal Classification     SAU Library SAU Library General Stacks 30/06/1991   ৫৮১ দেবউ 15207 17/02/2015 17/02/2015 Book
    Dewey Decimal Classification     SAU Library SAU Library General Stacks 20/06/1990   ৫৮১ দেবউ 15204 17/02/2015 17/02/2015 Book
    Dewey Decimal Classification     SAU Library SAU Library General Stacks 29/06/1993   ৫৮১ দেবউ 25381 17/02/2015 17/02/2015 Book
    Dewey Decimal Classification     SAU Library SAU Library General Stacks 29/06/1993   ৫৮১ দেবউ 15048 17/02/2015 17/02/2015 Book
    Dewey Decimal Classification     SAU Library SAU Library General Stacks 29/06/1993   ৫৮১ দেবউ 25393 17/02/2015 17/02/2015 Book
    Dewey Decimal Classification     SAU Library SAU Library General Stacks 29/06/1993   ৫৮১ দেবউ 16949(A) 17/02/2015 17/02/2015 Book